| 000 | 00597nam a2200205Ia 4500 | ||
|---|---|---|---|
| 005 | 20221013103727.0 | ||
| 008 | 131103s9999 xx 000 0 und d | ||
| 040 | _aLoreto College | ||
| 041 | _aEnglish | ||
| 082 |
_a152.8 _bSTI |
||
| 100 | _aStilson, Donald W. | ||
| 245 |
_aProbability and statistics _b in psychological research and theory _cDonald W. Stilson |
||
| 260 |
_aBombay _bVakils, Feffer and Simons _c1971 |
||
| 300 | _axii,507p | ||
| 504 | _aInclude index | ||
| 650 | _aPsychology - Statistical aspects | ||
| 651 | _aPsychological Research | ||
| 850 | _aLCLIB | ||
| 942 | _cBK | ||
| 999 |
_c19210 _d69689 |
||